Escritores representativos de américa : primera serie /

Guardado en:
Autor Principal: Sánchez, Luis Alberto
Formato: Libro
Publicado: España : Gredos-j.ferrer, 1963
Edición:2a. ed.
Series:Bibl. Rom nica Hisp nica
Materias:
Etiquetas: Agregar Etiqueta
Sin Etiquetas, Sea el primero en etiquetar este registro!
LEADER 00579nam a22001935a 4500
001 CEM.cems006153
005 20060214000000.0
008 130507s1963##################000#0#####d
003 CEMS
082 0 4 |a H860.9 
100 1 |a Sánchez, Luis Alberto 
245 1 0 |a Escritores representativos de américa :  |b primera serie / 
250 |a 2a. ed. 
260 |a España :  |b Gredos-j.ferrer,  |c 1963 
300 |a 204 p. 
490 0 |a Bibl. Rom nica Hisp nica 
653 |a Literatura 
653 |a Literatura hispanoamericana 
859 |a CEMS  |b BIB. CEMS - 11 de abril  |h H860.9  |i Sa55a2/1  |p 14902.87  |t Ej.1